[Event "Summer Prague Open A 2020"]
[Site "Prague"]
[Date "2020.08.15"]
[Round "9.12"]
[White "Tirelli, Mauro"]
[Black "Simek, Petr"]
[Result "1-0"]
[WhiteElo "2187"]
[BlackElo "2344"]
[Annotator "TA"]
[PlyCount "119"]
[EventDate "2020.08.08"]
[EventCountry "CZE"]
[SourceTitle "playchess.com"]
[Source "ChessBase"]
[SourceQuality "1"]

{[%evp 15,119,-29,-17,-4,0,0,0,0,9,11,25,6,10,0,15,6,9,0,18,0,8,0,23,0,2,6,16,18,4,14,20,19,18,29,40,13,51,12,58,46,37,47,156,169,153,156,147,137,135,135,125,131,255,146,172,146,268,256,302,291,260,130,130,130,166,160,159,129,129,119,134,137,142,115,110,109,265,251,257,260,264,247,442,338,399,330,365,365,337,304,330,332,29954,29956,12850,10822,3039,2408,29956,29960,29963,29968,29972,29971,29944,5126]} 1. c4 e5 2. Nc3 Nf6 3. Nf3 Nc6 4. e3 Bb4 5. Qc2 Bxc3 6. Qxc3 Qe7 7. a3 d5 8. cxd5 Nxd5 9. Qc2 {A28: English Opening: Four Knights Variation.} O-O 10. d3 a5 11. b3 {The position is equal.} Be6 12. Bb2 f6 13. Be2 Qf7 14. O-O Rfd8 {[#]} 15. Rac1 $146 ({Predecessor:} 15. d4 exd4 16. Nxd4 Nxd4 17. Bxd4 Nf4 18. Bd1 a4 19. bxa4 Bc4 20. Re1 c5 21. Bb2 {½-½ (54) Banas,J (2343)-Csonka,A (2330) Slovakia 2010}) 15... Nde7 16. Nd2 Rd7 17. Bc3 b6 18. Qb1 Na7 {[%cal Bc6a7,Ba7b5,Bb5d6,Bd6f5][%mdl 32]} 19. Rfd1 Nb5 20. Bb2 {With the idea d4.} Nd6 ({But not} 20... Bxb3 21. d4 $14) 21. d4 exd4 22. Bxd4 Rad8 23. b4 axb4 24. axb4 Ndf5 25. Nf3 Kh8 26. h3 Bd5 27. e4 Nxd4 28. Rxd4 Bb7 {[#]} (28... Bc6 $14 29. Rcc4 Qe8) 29. Rxc7 $1 $16 {[%mdl 512]} Nc6 (29... Rxc7 30. Rxd8+) 30. Rcxd7 Rxd7 31. Bc4 $36 {[%mdl 2048] Black is under strong pressure.} Qe7 32. Rxd7 Qxd7 33. Bd5 g6 (33... Bc8 $16 {was worth a try.} 34. b5 Ne7) 34. Qb2 ({Better is} 34. Qa1 $18 Kg7 35. b5) 34... Kg7 35. Qc3 Qd6 (35... Nd8 $16 36. Bxb7 Qxb7) 36. g3 Nd8 37. Bxb7 Nxb7 {[#]} 38. Kg2 (38. e5 $1 $18 {[%cal Re5d6]} Qe7 39. exf6+ Qxf6 40. Qc7+ Qf7 41. Qc6 (41. Qxb6 Qxf3 42. Qc7+ Kf6 $11)) 38... Nd8 39. e5 Qc6 40. exf6+ Qxf6 41. Qe3 Nf7 42. h4 h6 43. Qe4 Qd6 44. h5 gxh5 {[#]} 45. Nh4 $1 {[%cal Rh4f5] And now Nf5+ would win.} Qe5 $2 {A mistake that costs the game.} (45... Kg8 $16 {might work better.}) 46. Qg6+ $18 {[%mdl 64] Double Attack} Kf8 47. Qxb6 {aiming for Ng6+.} Qe4+ 48. Kh2 Kg7 $2 (48... Ne5 49. Qxh6+ Ke7) 49. Qc5 Kf6 50. Qxh5 Qxb4 51. Qg6+ Ke7 52. Nf5+ {[%mdl 64] Double Attack} Kf8 53. Nxh6 ({Don't do} 53. Qf6 Qc5) 53... Nxh6 $2 (53... Nd8 $18 54. Qg8+ Ke7 55. Nf5+ Kd7 56. Qd5+ Kc8) 54. Qxh6+ {[%mdl 4096] Endgame KQ-KQ} Ke8 55. Qe3+ Kd7 56. f4 Qb1 57. g4 {White mates.} Qd1 58. Kg3 Kd8 59. f5 Qd6+ 60. Kh3 {Accuracy: White = 80%, Black = 52%.} (60. Kh4 $142 Qc7 61. f6 Qh7+ 62. Kg5 Qg8+ 63. Kf4 Qc4+ 64. Kf5 Qc8+ 65. Kg5) 1-0

[Event "Summer Prague Open A 2020"]
[Site "Prague"]
[Date "2020.08.15"]
[Round "9.13"]
[White "Schnider, Gert"]
[Black "Jedlicka, Ales"]
[Result "1-0"]
[WhiteElo "2423"]
[BlackElo "2194"]
[Annotator "ChessBase"]
[PlyCount "119"]
[EventDate "2020.08.08"]
[EventCountry "CZE"]
[SourceTitle "playchess.com"]
[Source "ChessBase"]
[SourceQuality "1"]
[TimeControl "40/5400+30:1800+30"]

1. d4 {[%emt 0:00:00]} Nf6 {[%emt 0:00:00]} 2. c4 {[%emt 0:00:00]} g6 {[%emt 0:00:11]} 3. Nc3 {[%emt 0:00:00]} Bg7 {[%emt 0:00:10]} 4. e4 {[%emt 0:00:00]} d6 {[%emt 0:00:15]} 5. Nf3 {[%emt 0:00:00]} O-O {[%emt 0:00:16]} 6. Be2 {[%emt 0:00:00]} e5 {[%emt 0:00:19]} 7. O-O {[%emt 0:00:02]} exd4 {[%emt 0:00:40]} 8. Nxd4 {[%emt 0:00:05]} Re8 {[%emt 0:00:12]} 9. f3 {[%emt 0:00:04]} c6 {[%emt 0:00:19]} 10. Kh1 {[%emt 0:00:04]} Nbd7 {[%emt 0:00:29]} 11. Bg5 {[%emt 0:00:21]} Qb6 {[%emt 0:00:34]} 12. Nb3 {[%emt 0:00:07]} a5 {[%emt 0:00:17]} 13. Qd2 {[%emt 0:00:05]} a4 {[%emt 0:00:21]} 14. Be3 {[%emt 0:00:05]} Qd8 {[%emt 0:00:15]} 15. Nd4 {[%emt 0:00:10]} Nc5 {[%emt 0:00:55]} 16. Rad1 {[%emt 0:01:00]} Nfd7 {[%emt 0:00:36]} 17. Rfe1 {[%emt 0:04:04]} Qe7 {[%emt 0:06:34]} 18. Bf1 {[%emt 0:01:08]} Be5 {[%emt 0:01:48]} 19. Bg5 {[%emt 0:06:42]} Qf8 {[%emt 0:03:54]} 20. Nde2 {[%emt 0:04:47]} Nb6 {[%emt 0:01:15]} 21. Nd4 {[%emt 0:09:42]} Ne6 {[%emt 0:07:30]} 22. Be3 {[%emt 0:00:13]} Nxd4 {[%emt 0:01:24]} 23. Bxd4 {[%emt 0:00:06]} c5 {[%emt 0:00:23]} 24. Bf2 {[%emt 0:05:59]} Be6 {[%emt 0:02:58]} 25. Nb5 {[%emt 0:07:17]} Bxc4 {[%emt 0:16:56]} 26. f4 {[%emt 0:01:35]} Bxf1 {[%emt 0:00:58]} 27. Rxf1 {[%emt 0:00:07]} Nc4 {[%emt 0:05:27]} 28. Qc2 {[%emt 0:08:58]} Nxb2 {[%emt 0:00:35]} 29. fxe5 {[%emt 0:00:05]} Nxd1 {[%emt 0:00:32]} 30. Rxd1 {[%emt 0:00:02]} Rxe5 {[%emt 0:03:29]} 31. Bg3 {[%emt 0:00:30]} Rg5 {[%emt 0:03:56]} 32. Bxd6 {[%emt 0:01:40]} Qg7 {[%emt 0:01:19]} 33. e5 {[%emt 0:05:51]} Rxe5 {[%emt 0:02:25]} 34. Bxe5 {[%emt 0:00:05]} Qxe5 {[%emt 0:00:15]} 35. h3 {[%emt 0:00:21]} a3 {[%emt 0:01:52]} 36. Qc4 {[%emt 0:09:06]} Ra6 {[%emt 0:07:23]} 37. Nc3 {[%emt 0:07:28]} Re6 {[%emt 0:08:25]} 38. Rf1 {[%emt 0:05:15]} Qd4 {[%emt 0:03:34]} 39. Qxd4 {[%emt 0:04:53]} cxd4 {[%emt 0:00:09]} 40. Nb5 {[%emt 0:00:02]} Re2 {[%emt 0:01:02]} 41. Nxa3 {[%emt 0:30:28]} Rxa2 {[%emt 0:30:13]} 42. Nb5 {[%emt 0:00:09]} d3 {[%emt 0:02:25]} 43. Rd1 {[%emt 0:02:06]} d2 {[%emt 0:04:29]} 44. Nd4 {[%emt 0:01:33]} Kg7 {[%emt 0:02:06]} 45. Kg1 {[%emt 0:00:10]} Kf6 {[%emt 0:00:13]} 46. Kf2 {[%emt 0:00:06]} g5 {[%emt 0:02:02]} 47. Ke3 {[%emt 0:01:22]} h5 {[%emt 0:00:30]} 48. Nf3 {[%emt 0:04:57]} g4 {[%emt 0:00:54]} 49. hxg4 {[%emt 0:00:05]} hxg4 {[%emt 0:00:09]} 50. Nxd2 {[%emt 0:00:06]} Ke5 {[%emt 0:01:24]} 51. Nc4+ {[%emt 0:00:41]} Kf5 {[%emt 0:00:58]} 52. Rd5+ {[%emt 0:09:30]} Ke6 {[%emt 0:00:29]} 53. Rd6+ {[%emt 0:00:53]} Kf5 {[%emt 0:00:22]} 54. g3 {[%emt 0:04:32]} Rg2 {[%emt 0:02:18]} 55. Rd5+ {[%emt 0:00:20]} Ke6 {[%emt 0:00:11]} 56. Re5+ {[%emt 0:00:46]} Kf6 {[%emt 0:00:07]} 57. Kf4 {[%emt 0:00:29]} Rc2 {[%emt 0:02:14]} 58. Re4 {[%emt 0:00:20]} b5 {[%emt 0:01:47]} 59. Ne3 {[%emt 0:00:21]} Rf2+ {[%emt 0:00:28]} 60. Kxg4 {[%emt 0:00:06]} 1-0

[Event "Summer Prague Open A 2020"]
[Site "Prague"]
[Date "2020.08.15"]
[Round "9.14"]
[White "Mica, Marek"]
[Black "Vorisek, Jakub"]
[Result "1-0"]
[WhiteElo "2306"]
[BlackElo "2205"]
[Annotator "ChessBase"]
[PlyCount "53"]
[EventDate "2020.08.08"]
[EventCountry "CZE"]
[SourceTitle "playchess.com"]
[Source "ChessBase"]
[SourceQuality "1"]
[TimeControl "40/5400+30:1800+30"]

1. d4 Nf6 2. c4 c5 3. d5 b5 4. cxb5 a6 5. bxa6 g6 6. Nc3 Bg7 7. e4 O-O 8. e5 Ne8 9. Nf3 d6 10. exd6 exd6 11. Be2 Qa5 12. Bd2 Bxa6 13. O-O Nc7 14. a4 Bxe2 15. Qxe2 Qb6 16. Bf4 Re8 17. Qd2 Nd7 18. Rfe1 Reb8 19. Re2 c4 20. Re4 Nc5 21. Rxc4 Nb3 22. Qd1 Nxa1 23. Qxa1 Bxc3 24. Rxc3 Nxd5 25. Be3 Qxb2 26. Rc8+ Rxc8 27. Qxb2 1-0

[Event "Summer Prague Open A 2020"]
[Site "Prague"]
[Date "2020.08.15"]
[Round "9.15"]
[White "Mueer, Sebastian"]
[Black "Malassagne, Raphael"]
[Result "1/2-1/2"]
[WhiteElo "2210"]
[BlackElo "2305"]
[Annotator "TA"]
[PlyCount "84"]
[EventDate "2020.08.08"]
[EventCountry "CZE"]
[SourceTitle "playchess.com"]
[Source "ChessBase"]
[SourceQuality "1"]

{[%evp 10,84,29,29,22,21,24,19,40,6,13,4,4,11,13,9,14,0,37,29,39,32,68,41,78,30,36,34,133,87,174,172,187,183,342,247,234,246,249,219,207,101,99,71,74,71,62,-54,-54,-56,-44,-77,-81,-94,-47,-45,-48,-61,-59,-57,-21,-41,0,-8,0,0,175,0,156,0,0,0,13,13,8,5,7]} 1. Nf3 d5 2. c4 c6 3. g3 Nf6 4. Bg2 Bf5 5. Qb3 Qb6 6. d3 Qxb3 {A11: English Opening: 1...c6.} 7. axb3 e6 8. Be3 a6 9. O-O h6 10. Bd4 Be7 11. Bc3 Nbd7 12. b4 O-O 13. Nbd2 dxc4 14. dxc4 {[#]} Be4 $146 ({Predecessor:} 14... Ne4 15. Nxe4 Bxe4 16. Rfd1 Nb6 17. Nd2 Bxg2 18. Kxg2 Rfd8 19. e4 c5 20. bxc5 Bxc5 {½-½ (58) Archangelsky,M (2276)-Clemens,A (2261) Hoogeveen 2008}) 15. Rfd1 Rad8 16. h3 Bh7 17. g4 h5 18. g5 Ne8 (18... Ne4 $14) 19. h4 Nd6 (19... f6 $16) 20. c5 $36 {[%mdl 2048] Black is under strong pressure.} Nb5 21. Nc4 Bxc5 $2 (21... Nb8 22. Na5 Rxd1+ 23. Rxd1 f6 24. Nxb7 Be4 25. gxf6 gxf6) 22. bxc5 Nxc3 23. bxc3 Nxc5 24. Nd4 Rfe8 25. Ra5 (25. f4 $18 {is more deadly.}) 25... Nb3 $16 26. Nxb3 Rxd1+ 27. Kh2 Rb1 28. Nc5 (28. Ra3 $14) 28... b6 $1 $15 {[%cal Rb6a5][%mdl 64] [#] Double Attack} 29. Rxa6 bxc5 30. Rxc6 Rc1 31. Nd6 Rb8 32. Rxc5 Bg6 33. Bf3 Rd8 34. Rc6 Rc2 35. Kg3 e5 36. e3 Rb8 37. c4 Rb4 $2 (37... Rc1 $11) 38. Rc8+ $18 Kh7 39. Rf8 $2 {[#]} (39. Bd5 $16) 39... e4 $1 $11 {[%mdl 512] The position is equal.} 40. Bg2 (40. Nxe4 Rcxc4) 40... Rb6 41. Nxf7 Bxf7 42. Rxf7 Rxc4 {Blacks defense is rewarded with a draw. Accuracy: White = 58%, Black = 64%.} 1/2-1/2

[Event "Summer Prague Open A 2020"]
[Site "Prague"]
[Date "2020.08.15"]
[Round "9.16"]
[White "Mukashev, Assan"]
[Black "Stinka, Jakub"]
[Result "1/2-1/2"]
[WhiteElo "2207"]
[BlackElo "2305"]
[Annotator "TA"]
[PlyCount "113"]
[EventDate "2020.08.08"]
[EventCountry "CZE"]
[SourceTitle "playchess.com"]
[Source "ChessBase"]
[SourceQuality "1"]

{[%evp 9,113,1,14,-36,-18,-31,-20,-35,-26,-78,-33,-129,-48,-51,-43,-47,-29,-27,-17,-13,-16,-31,8,1,7,3,78,-7,26,7,10,0,0,-99,-114,-112,-104,-112,-110,-129,-129,-129,-129,-130,-125,-132,-129,-158,-154,-155,-123,-125,-123,-180,-179,-185,-182,-257,-257,-257,-261,-277,-203,-202,-178,-237,-109,-109,-94,-94,-94,-108,-90,-87,-87,-87,-40,-40,-40,-40,-40,-40,-40,-40,-40,-40,-40,-40,-40,-40,0,-40,-20,-20,-24,-22,-6,-6,0,0,0,0,0,0,0,0]} 1. d4 Nf6 2. Nf3 e6 3. c4 Bb4+ 4. Nbd2 O-O 5. g3 d5 6. Qa4 {E01: Catalan: Early deviations.} c5 {[#]} 7. a3 $146 ({Predecessor:} 7. Bg2 Bd7 8. Qd1 dxc4 9. O-O Bb5 10. a3 Bxd2 11. Bxd2 Nbd7 12. Qc2 Rc8 13. Rfd1 Qc7 {½-½ (36) Green,M (2094)-Vesciunas,T (2157) ICCF email 2018}) 7... Bxd2+ 8. Bxd2 cxd4 9. Nxd4 (9. cxd5 $11 Re8 10. Bg2) 9... e5 10. Nb5 (10. Nf3 $15) 10... Nc6 (10... a6 $17 {aiming for ...Bd7.} 11. Nc3 d4) 11. Bg2 $15 Be6 12. cxd5 Nxd5 13. O-O a6 14. Nc3 Nb6 15. Qd1 Nd4 16. Be3 $1 Bb3 $36 {[%mdl 2048] Black is more active.} 17. Qd3 Rc8 (17... Bc2 $11 18. Qd2 Nc4) 18. Qe4 (18. Bxb7 $16 Bc4 19. Qe4) 18... Nc6 19. Bh3 Rb8 20. Bc5 Re8 21. Rfd1 (21. Bxb6 $11 {remains equal.} Qxb6 22. Bd7) 21... Bxd1 $17 22. Rxd1 {[#]} Nd4 $1 23. Bxd4 exd4 24. Qxd4 Qxd4 25. Rxd4 Red8 26. Rb4 Nd5 27. Nxd5 Rxd5 {[%mdl 4096] Endgame KRR-KRB} 28. Bg4 b5 29. Bf3 Rc5 30. Rd4 Rc2 31. Rd6 {[#]} (31. b3 $17) 31... a5 $1 $19 {[%cal Ba6a5,Ba5a4][%mdl 32]} 32. b3 Ra2 33. Bc6 (33. a4 {might work better.}) 33... Rxa3 34. Bxb5 Rxb3 35. Bc4 R3b4 36. Bd5 a4 37. Ra6 (37. e4 {was worth a try.}) 37... Rb1+ (37... Rd4 $19 {has better winning chances.} 38. e4 Kf8) 38. Kg2 $17 Ra1 39. Ra7 Rf8 40. h4 g6 41. g4 h6 42. g5 hxg5 43. hxg5 a3 44. e4 Kg7 45. Bb3 Rc1 46. Ba2 Rc3 47. Bd5 Kg8 48. Ba2 Rc5 49. Bd5 Rc3 50. Ba2 $1 Kh8 {Hoping for ...Re8.} 51. Bxf7 Rc2 52. e5 $1 a2 {And now ...Rxf7! would win.The position is equal.} 53. e6 Re2 54. Kf1 Rb2 {[#]} 55. e7 $1 {[%mdl 512]} Rxf2+ 56. Kxf2 Rxf7+ 57. Kg3 {Black had all chances to win. Accuracy: White = 74%, Black = 73%.} 1/2-1/2

[Event "Summer Prague Open A 2020"]
[Site "Prague"]
[Date "2020.08.15"]
[Round "9.17"]
[White "Post, Hugo"]
[Black "Pasti, Aron"]
[Result "0-1"]
[WhiteElo "2203"]
[BlackElo "2325"]
[Annotator "ChessBase"]
[PlyCount "78"]
[EventDate "2020.08.08"]
[EventCountry "CZE"]
[SourceTitle "playchess.com"]
[Source "ChessBase"]
[SourceQuality "1"]
[TimeControl "40/5400+30:1800+30"]

1. e4 {[%emt 0:00:00]} e5 {[%emt 0:00:00]} 2. Nf3 {[%emt 0:00:00]} Nc6 {[%emt 0:00:00]} 3. Bb5 {[%emt 0:00:00]} a6 {[%emt 0:00:00]} 4. Ba4 {[%emt 0:00:00]} Nf6 {[%emt 0:00:00]} 5. O-O {[%emt 0:00:00]} Be7 {[%emt 0:00:00]} 6. Re1 {[%emt 0:00:02]} b5 {[%emt 0:00:00]} 7. Bb3 {[%emt 0:00:05]} d6 {[%emt 0:00:00]} 8. c3 {[%emt 0:00:07]} O-O {[%emt 0:00:06]} 9. h3 {[%emt 0:00:05]} Na5 {[%emt 0:00:04]} 10. Bc2 {[%emt 0:00:05]} c5 {[%emt 0:00:04]} 11. d4 {[%emt 0:00:13]} Qc7 {[%emt 0:00:04]} 12. Nbd2 {[%emt 0:00:10]} cxd4 {[%emt 0:00:04]} 13. cxd4 {[%emt 0:00:06]} Nc6 {[%emt 0:00:03]} 14. Nb3 {[%emt 0:00:09]} a5 {[%emt 0:00:10]} 15. Be3 {[%emt 0:00:12]} a4 {[%emt 0:00:06]} 16. Nbd2 {[%emt 0:00:07]} Nb4 {[%emt 0:00:15]} 17. Bb1 {[%emt 0:00:15]} Bd7 {[%emt 0:01:39]} 18. a3 {[%emt 0:00:27]} Nc6 {[%emt 0:00:17]} 19. Bd3 {[%emt 0:00:20]} Rfc8 {[%emt 0:01:26]} 20. Qe2 {[%emt 0:13:58]} Rab8 {[%emt 0:02:52]} 21. Rac1 {[%emt 0:03:29]} Qb7 {[%emt 0:00:24]} 22. Nf1 {[%emt 0:04:46]} Bf8 {[%emt 0:07:46]} 23. Ng3 {[%emt 0:03:11]} g6 {[%emt 0:01:34]} 24. Qd2 {[%emt 0:14:05]} b4 {[%emt 0:16:51]} 25. d5 {[%emt 0:07:40]} Na5 {[%emt 0:01:07]} 26. Rxc8 {[%emt 0:01:47]} Qxc8 {[%emt 0:00:52]} 27. axb4 {[%emt 0:05:18]} Nb3 {[%emt 0:01:04]} 28. Qc3 {[%emt 0:06:05]} Qb7 {[%emt 0:00:21]} 29. b5 {[%emt 0:00:43]} Bxb5 {[%emt 0:01:14]} 30. Bxb5 {[%emt 0:00:44]} Qxb5 {[%emt 0:00:03]} 31. Bg5 {[%emt 0:06:18]} Nd7 {[%emt 0:01:30]} 32. Nh4 {[%emt 0:06:22]} Nd4 {[%emt 0:02:36]} 33. Rb1 {[%emt 0:04:51]} Nc5 {[%emt 0:00:10]} 34. Be3 {[%emt 0:01:43]} Nxe4 {[%emt 0:01:27]} 35. Qc7 {[%emt 0:03:43]} Nxg3 {[%emt 0:00:27]} 36. fxg3 {[%emt 0:00:02]} a3 {[%emt 0:01:32]} 37. Rf1 {[%emt 0:04:41]} Rb7 {[%emt 0:02:34]} 38. Qd8 {[%emt 0:04:51]} Qxf1+ {[%emt 0:00:26]} 39. Kxf1 {[%emt 0:00:11]} axb2 {[%emt 0:00:02]} 0-1

[Event "Summer Prague Open A 2020"]
[Site "Prague"]
[Date "2020.08.15"]
[Round "9.18"]
[White "Iolis, Oleg"]
[Black "Cap, Adam"]
[Result "1/2-1/2"]
[WhiteElo "2166"]
[BlackElo "2278"]
[Annotator "TA"]
[PlyCount "60"]
[EventDate "2020.08.08"]
[EventCountry "CZE"]
[SourceTitle "playchess.com"]
[Source "ChessBase"]
[SourceQuality "1"]

{[%evp 24,60,29,35,64,48,63,79,77,42,108,70,106,40,40,28,31,0,0,0,0,0,0,0,0,0,0,0,0,-13,-10,-9,-6,-11,15,15,13,0,0]} 1. e4 e5 2. Nf3 Nc6 3. Bb5 a6 4. Ba4 Nf6 5. O-O b5 6. Bb3 Be7 7. d4 d6 8. c3 O-O 9. h3 Bb7 10. Nbd2 {[%cal Bb1d2,Bd2f1,Bf1g3][%mdl 32]} h6 11. Re1 Re8 12. Nf1 Bf8 13. Ng3 exd4 {C93: Closed Ruy Lopez: Smyslov Variation.} 14. cxd4 Na5 15. Bc2 $1 c5 {White is better.} 16. b3 g6 (16... cxd4 $14 17. Bb2 (17. Nxd4 Rc8 $14) (17. Qxd4 Nc6 $11) 17... Nd7) 17. Bb2 Bg7 {[#]} 18. Rc1 $146 ({White should try} 18. d5 $16) ({Predecessor:} 18. Qd2 Nc6 19. Rad1 Nd7 20. Bb1 {½-½ (45) Khusnutdinova,A (2129)-Tomashevskaya,L (2232) Loo 2015}) 18... Nd7 $14 19. Ba1 Nc6 20. dxc5 {[#] Hoping for Bxg7.} Bxa1 {The position is equal.} 21. Rxa1 dxc5 22. Qd2 Nde5 {Strongly threatening ...Nxf3+.} 23. Qxh6 Nxf3+ 24. gxf3 {Threatens to win with Nh5!} Nd4 {[%mdl 64] [#] Double Attack} 25. Bd1 $1 Re6 26. f4 Nf5 27. Qg5 Nxg3 28. Qxg3 Bxe4 29. Bg4 Re8 $1 30. f5 Qf6 {Accuracy: White = 67%, Black = 79%.} 1/2-1/2

[Event "Summer Prague Open A 2020"]
[Site "Prague"]
[Date "2020.08.15"]
[Round "9.19"]
[White "Mirimanian, Hayk"]
[Black "Ludvik, Tomas"]
[Result "1/2-1/2"]
[WhiteElo "2268"]
[BlackElo "2202"]
[Annotator "TA"]
[PlyCount "119"]
[EventDate "2020.08.08"]
[EventCountry "CZE"]
[SourceTitle "playchess.com"]
[Source "ChessBase"]
[SourceQuality "1"]

{[%evp 17,119,0,0,0,21,0,6,-5,16,10,64,63,104,107,166,186,231,191,187,183,176,177,150,131,261,85,56,66,65,55,66,58,53,0,46,27,15,0,57,39,47,25,41,19,225,215,208,210,217,165,155,-72,0,-144,-92,-127,0,0,297,287,457,454,685,615,1105,302,307,305,293,208,197,205,234,127,143,132,132,129,131,129,117,118,135,106,110,85,109,37,66,11,147,137,85,0,0,0,0,0,0,-299,-175,-178,-112,-121]} 1. e4 c5 2. Nc3 Nc6 3. g3 g6 4. d3 Bg7 5. Be3 d6 6. Bg2 Rb8 7. Qd2 b5 8. Nge2 b4 9. Nd1 Qb6 10. O-O {B26: Closed Sicilian: 3 g3, lines with early Be3.} Ba6 11. h3 Nd4 {[#]} 12. Nc1 $146 {The position is equal.} ({Predecessor:} 12. f4 Nf6 13. g4 Nxe2+ 14. Qxe2 Nd7 15. f5 Bd4 16. Kh1 Ne5 {½-½ (16) Dimitrijevic,R (2211)-Farkas,T (2246) Senta 2010}) 12... e6 13. a3 bxa3 (13... b3 $1 $11) 14. Rxa3 $14 Ne7 15. c3 Ndc6 {[#]} (15... Nb5 $16) 16. b4 $1 $18 {[%mdl 512]} Rd8 (16... cxb4 17. Bxb6) 17. Nb3 Qb5 18. Qa2 (18. bxc5 $6 Qxd3 19. Re1 dxc5 $16) 18... Bc8 19. bxc5 Qxd3 20. cxd6 Rxd6 (20... Qxd6 $16 21. Nc5 (21. Bxa7 Nxa7 22. Rxa7 O-O $11) 21... Qe5) 21. Na5 $2 ({Less strong is} 21. Bxa7 Nxa7 22. Rxa7 Ra6 $14) (21. Bc5 $18 {and White stays clearly on top.}) 21... Nxa5 $16 22. Rxa5 Ra6 $1 23. Bc5 Nc6 24. Rxa6 Qxa6 25. Qb3 (25. Qd2 $14) 25... Na5 (25... Qa5 $5 {[%cal Ra5c5]} 26. Bd6 Be5 27. Bxe5 Nxe5 $11) 26. Qb4 {Threatens to win with e5.} Nc6 27. Qb3 Na5 28. Qa3 Nc6 29. Qb2 Qa5 30. Bd6 Ba6 $2 (30... Be5 $1 $11 31. Bxe5 Nxe5) 31. Re1 $1 $18 Kd7 32. Qd2 Kc8 33. e5 Nxe5 34. Bb4 $2 (34. Qf4 $16 {is forced if you want to stay better.} g5 35. Qe4 (35. Rxe5 Bxe5 36. Qxe5 Qxe5 $16)) 34... Qb5 (34... Rd8 $17 35. Qe3 Qc7) 35. Nb2 (35. c4 $1 $11 Qd7 36. Qxd7+ Nxd7 37. Ne3) 35... Rd8 (35... Bb7 $142 $1 {[%cal Rb7g2] And now ...Bxg2 would win.} 36. f4 Nf3+ 37. Bxf3 Bxf3) 36. Qe3 Qb6 ({Better is} 36... Bb7 $1 $17 37. Bxb7+ Qxb7 38. Qc5+ Qc7) 37. Qf4 $11 f6 $2 {[%mdl 8192] [#]} (37... Qb8 $11 {and Black stays safe.}) 38. Na4 $1 $18 {[%cal Ra4b6]} Qb5 (38... Qb8 $142 39. Nc5 Rd6 40. Nxa6 Rxa6) 39. Nc5 Nd3 (39... Qb6 $142 40. Rxe5 fxe5) 40. Nxd3 Rxd3 41. Bf1 $2 (41. Rxe6 {Strongly threatening Rc6+.} f5 42. Rc6+ Qxc6 43. Bxc6 Bxc3 44. Bxc3 Rxc3 45. Qd6) 41... Bb7 {White must now prevent ...Qc6!} 42. Bxd3 Qxd3 43. Qe3 Qxe3 44. Rxe3 {[%mdl 4096] Endgame KRB-KB} ({Resist} 44. fxe3 $6 f5 $16) 44... Kd7 45. f4 (45. Rd3+ $18 Kc7 46. Ba5+ Kc6 47. Rd8) 45... Bd5 $16 46. Kf2 Kc6 47. Re1 f5 48. Ra1 Kb6 49. Ke3 Bc4 50. Ra5 Bb5 51. Ra3 a6 52. Kd2 (52. Ra1 $16) 52... e5 53. Ke3 (53. Ra5 $14) 53... e4 {[#]} (53... Kc6 $11 {keeps the balance.}) 54. g4 $1 Kc6 55. Ra1 ({White should play} 55. g5 $16) 55... Bf6 $1 $11 56. gxf5 gxf5 57. Ra2 Bd8 {Hoping for ...Bb6+.} 58. Rg2 $2 {[%mdl 8192]} (58. Ba5 $1 $11 Be7 59. Bb4) 58... Bb6+ (58... a5 $142 59. c4 axb4 60. cxb5+ Kxb5) 59. Kd2 $19 Kd5 (59... e3+ $19 60. Kc2 e2) 60. Rg7 {A wild game. Accuracy: White = 59%, Black = 53%.} 1/2-1/2

[Event "Summer Prague Open A 2020"]
[Site "Prague"]
[Date "2020.08.15"]
[Round "9.20"]
[White "Jun, Rudolf"]
[Black "Brejnik, Gustav"]
[Result "1/2-1/2"]
[WhiteElo "2094"]
[BlackElo "2265"]
[Annotator "ChessBase"]
[PlyCount "34"]
[EventDate "2020.08.08"]
[EventCountry "CZE"]
[SourceTitle "playchess.com"]
[Source "ChessBase"]
[SourceQuality "1"]
[TimeControl "40/5400+30:1800+30"]

1. e4 c6 2. d3 d5 3. Nd2 e5 4. Ngf3 Bd6 5. g3 Nf6 6. Bg2 O-O 7. O-O Nbd7 8. Re1 Qc7 9. a4 a5 10. b3 Re8 11. Bb2 b6 12. d4 dxe4 13. Nxe5 Nxe5 14. dxe5 Bxe5 15. Nxe4 Nxe4 16. Bxe5 Rxe5 17. Bxe4 Bf5 1/2-1/2